|
|
|
|
| LEADER |
01657nam a2200289 a 4500 |
| 001 |
12549222 |
| 008 |
091105s1996 bg b i000 0 eng d |
| 010 |
|
|
|a 00440697
|
| 020 |
|
|
|a 9840513621
|
| 040 |
|
|
|a DLC
|c DLC
|d DLC
|
| 082 |
0 |
0 |
|a 307.1/412/095492
|2 21
|
| 245 |
0 |
0 |
|a Pursuing common goals :
|b strengthening relations between government and development NGOs in Bangladesh.
|
| 246 |
1 |
4 |
|a Bangladesh pursuing common goals
|
| 260 |
|
|
|a Dhaka :
|b Published for the World Bank [by] University Press,
|c 1996.
|
| 300 |
|
|
|a xxi, 82 p. ;
|c 25 cm.
|
| 504 |
|
|
|a Includes bibliographical references (p. [81]-82).
|
| 541 |
1 |
|
|e 00005777
|
| 650 |
|
0 |
|a Rural development
|z Bangladesh.
|
| 650 |
|
0 |
|a Economic assistance, Domestic
|z Bangladesh.
|
| 650 |
|
0 |
|a Non-governmental organizations
|z Bangladesh.
|
| 710 |
2 |
|
|a World Bank.
|
| 852 |
4 |
|
|a Ayesha Abed Library
|j General Shelf
|
| 999 |
|
|
|c 5634
|d 5634
|
| 952 |
|
|
|0 0
|1 0
|2 ddc
|4 0
|6 307_141209549200000_PUR_1996
|7 0
|9 5536
|a BRACUL
|b BRACUL
|c GEN
|d 2009-11-19
|g 166.00
|l 1
|o 307.1412095492 PUR
|p 3010005777
|r 2011-01-31
|s 2011-01-30
|t 1
|v 332.00
|w 2009-11-19
|y BK
|
| 952 |
|
|
|0 0
|1 0
|2 ddc
|4 0
|6 307_141209549200000_PUR_1996
|7 0
|9 5932
|a BRACUL
|b BRACUL
|c GEN
|d 2009-12-06
|g 0.00
|l 0
|o 307.1412095492 PUR
|p 3010009595
|r 2009-12-06
|t 2
|w 2009-12-06
|y BK
|x No price found in the accession register.
|
| 952 |
|
|
|0 0
|1 0
|2 ddc
|4 0
|6 307_141209549200000_PUR_1996
|7 0
|9 6189
|a BRACUL
|b BRACUL
|c GEN
|d 2009-12-17
|g 208.00
|l 0
|o 307.1412095492 PUR
|p 3010006152
|r 2009-12-17
|t 3
|v 416.00
|w 2009-12-17
|y BK
|
| 952 |
|
|
|0 0
|1 0
|2 ddc
|4 0
|6 307_100000000000000_412_095492_PUR_1996
|7 0
|9 61065
|a IGS
|b IGS
|c GEN
|d 2007-11-07
|e BIGD
|g 208.00
|l 0
|o 307.1412095492 PUR
|p 3010016704
|r 2017-08-29
|t 4
|w 2017-08-29
|y BK
|